Nely Tary / (Record no. 524131)

000 -LEADER
fixed length control field 00474nam a22001817a 4500
003 - CONTROL NUMBER IDENTIFIER
control field NUST
005 - DATE AND TIME OF LATEST TRANSACTION
control field 20190617064518.0
038 ## - RECORD CONTENT LICENSOR
Staff Name Faiza
082 ## - DEWEY DECIMAL CLASSIFICATION NUMBER
Classification number 891.42
Author Mark FAQ
100 ## - MAIN ENTRY--PERSONAL NAME
Personal name Faqir Muhammad Faqir,
9 (RLIN) 14954
245 ## - TITLE STATEMENT
Title Nely Tary /
Statement of responsibility, etc. Faqir Muhammad Faqir.
260 ## - PUBLICATION, DISTRIBUTION, ETC.
Place of publication, distribution, etc. Lahore :
Name of publisher, distributor, etc. Aziz Book Depot ,
Date of publication, distribution, etc. 1995.
300 ## - PHYSICAL DESCRIPTION
Extent 80p ;
500 ## - GENERAL NOTE
General note Paper Binding
880 ## - ALTERNATE GRAPHIC REPRESENTATION
Linkage 100-02\r
Title فقیر محمد فقیر
880 ## - ALTERNATE GRAPHIC REPRESENTATION
Linkage 245-02\r
Title نیلے تارے
942 ## - ADDED ENTRY ELEMENTS (KOHA)
Source of classification or shelving scheme
Koha item type Book
Holdings
Withdrawn status Lost status Source of classification or shelving scheme Damaged status Not for loan Permanent Location Current Location Date acquired Total Checkouts Full call number Barcode Date last seen Price effective from Koha item type
          Central Library (CL) Central Library (CL) 06/17/2019   891.42 FAQ CL-E-1737 06/17/2019 06/17/2019 Book
© 2023 Central Library, National University of Sciences and Technology. All Rights Reserved.